Chansons françaises par paroles commençant par O - Statistiques

Statistiques générales
  • Ce quiz a été pris 93 fois
  • Le résultat moyen est 8 sur 20
Statistiques - réponses
Hint Réponse % Correct
Sur une étoile ou sur un oreiller
Au fond d'un train ou dans un vieux grenier
Je veux découvrir ton visage
Où l'amour est né
On va s'aimer
87%
Tu as volé, as volé, as volé, as volé, as volé, as volé l'________
Tu as volé, as volé, as volé, l'________ du marchand Non Tu as volé, as volé, as volé, as volé, as volé, as volé l'________ Tu as volé, as volé, as volé, l'________ du marchand Non
L'{orange}
76%
Beau le bateau Dansant sur les vagues Ivre de vie d'amour et de vent Belle la chanson Naissante des vagues Abandonnée au sable blanc L'{oiseau et l'enfant}
64%
Partout autour de nous
Y a des signes d'espoir dans les regards
Donnons-leur écrits
Car dans la nuit
Tout s'efface
Même leurs traces
On écrit sur les murs
58%
D'un chef de file j'en ai pas l'profil
Mais sur l'oreiller j'aime pas qu'on me questionne
Je suis pas James Bond entouré de belles blondes (non non non)
J'envie même pas les hommes qui papillonnent
Pourtant pas contre l'amour j'attends plutôt mon tour
On s'attache
57%
Non, non, non, j'n'ai pas toujours été sûr de moi J'ai douté tellement de fois Non, non, non, je n'sais pas c'que je ferais sans toi Oh yeah ________, qu'on a tous un ange ________, ________ bien qu'c'est toi On dirait
53%
J’suis dans un état proche de l’________ J’ai le moral à zéro J’suis dans un état proche de l’________ J’approche peu à peu du Nevada J’ai envie de m’évader D'passer les frontières et de m’extrader Ohio
43%
Le vent fera craquer les branches La brume viendra dans sa robe blanche Y aura des feuilles partout Couchées sur les cailloux ________ tiendra sa revanche Octobre
42%
Sur les trottoirs je pense à toi Sur les boulevards je pense à toi Dans la nuit noire je pense à toi Même s'il est tard Sous les réverbères je pense à toi Dans la lumière je pense à toi Tous les hémisphères je pense à toi Sous la poussière On était beau
36%
Avec leurs gestes pleins de charme
Dites-moi _____ __, __, __, __, __ ________
Qui ont des rires pleins de larmes
Auraient-elles perdu leur
Flamme, flamme, flamme, flamme, flamme
Où sont les femmes
34%
Devant le portail vert de son école primaire On l'reconnaît tout d'suite Toujours la même dégaine avec son pull en laine On sait qu'il est instit Il pleure la fermeture à la rentrée future De ses deux dernières classes Y paraît qu'le motif c'est le manque d'effectif Mais on sait bien c'qui s'passe Les {oubliés}
33%
Il y en a qui contestent Qui revendiquent et qui protestent Moi je ne fais qu'un seul geste Je retourne ma veste Je retourne ma veste Toujours du bon côté L'{opportuniste}
33%
On partira de nuit l'heure où l'on doute
Que demain revienne encore
Loin des villes soumises, on suivra l'autoroute
Ensuite on perdra tous les nords
On laissera nos clés, nos cartes et nos codes
Prisons pour nous retenir
On ira
33%
On ne grandit pas
On pousse un peu tout juste le temps
D'un rêve d'un songe
Et les toucher du doigt
Mais on n'oublie pas
L'enfant qui reste presque nu
Les instants d'innocence
Quand on ne savait pas
On ne change pas
28%
Mais quand il rentre soûl
Et qu'il devient méchant
Énervant
Et qu'il m'accuse de tous les torts
Encore et encore
Je n'suis pas d'accord
Oui, je l'adore
26%
Regarde comment je souris
Regarde encore
Je veux savoir ce que t’en dis
Quand j’souris trop fort
C’est faux peut-être mais au plus je ris
Au plus j'te donne tort
De pas vouloir m’aimer
Oui ou non
24%
J'entends encore l'ombre sensuelle
De ta bouche sur la mienne
C'était si fort c'était si beau
La philosophie de ton souffle
Entre mes mots
Onde sensuelle
21%
D'aimer sa vie ou pas De faire sa route De faire son choix On a tous raison De s'poser des questions D'oser dire non On a tous le droit
18%
C'est peut-être chic c'est l'ère du toc Pour l'authentique, on traque du stock Du tac au tac changeons d'époque Oh oui, dis-moi Dis-moi ________, ne dis plus jamais non L'amour, le loup est risque Dis-moi ________, ne dis plus jamais non Et plus mon cœur sous X Oui mais non
18%
Ce poème est un adieu à ce que j’étais Pourquoi moi, je n’sais pas Quel est ce monde où tu m’emmènes Et je revois le cours de ma vie Je crains que rien n’soit plus pareil Mais je ne regrette rien Où je vais
13%
Aucun quiz correspondant
Distribution des résultats
% des personnes avec chaque résultat
Percentile par nombre de réponses
Votre historique - résultats
Vous n’avez pas pris ce quiz